Statistics for South Park: Blame Canada - Lyrics

Click here to take the quiz!

General Stats

  • This quiz has been taken 44 times
  • The average score is 175 of 233

Answer Stats

Answer% Correct
blame
100%
Blame
100%
Canada!
100%
Canada
100%
a
97%
I
94%
No!
94%
no!
94%
the
94%
to
91%
We
91%
we
91%
And
85%
and
85%
he
85%
on
85%
curse!
82%
should
82%
Should
82%
are
79%
kids
79%
me
79%
so
79%
Stan
79%
they
79%
when
79%
who
79%
Don't
76%
For...
76%
for
76%
fuck
76%
have
76%
my
76%
now
76%
or
76%
Or
76%
son
76%
their
76%
TV?
76%
all
74%
be
74%
Eric
74%
fart
74%
government?
74%
he's
74%
It
74%
join
74%
little
74%
myself!
74%
not
74%
of
74%
our
74%
saw
74%
see
74%
tells
74%
want
74%
anyway
71%
but
71%
cartoon
71%
changed
71%
country
71%
eyes
71%
getting
71%
him
71%
images
71%
just
71%
real
71%
society?
71%
Times
71%
worse
71%
even
68%
full
68%
his
68%
lies
68%
off
68%
picture
68%
shelf
68%
with
68%
With
68%
beady
65%
boy
65%
had
65%
heads
65%
it's
65%
klan!
65%
parents
65%
They're
65%
won't
65%
Canada's
62%
darn
62%
doctor
62%
fault!
62%
like
62%
matches?
62%
obey
62%
once
62%
too
62%
up
62%
allowed
59%
assault
59%
doctors
59%
expire?
59%
fire?
59%
form
59%
Heck
59%
piggy
59%
that
59%
us!
59%
been
56%
bitch
56%
burned
56%
could
56%
everything's
56%
lawyer
56%
must
56%
need
56%
true
56%
Well
56%
along!
53%
came
53%
gone
53%
instead
53%
seems
53%
since
53%
wrong
53%
Anne
50%
blaming
50%
flapping
50%
them
50%
before
47%
fuss
47%
Shame
47%
thinks
47%
barbecue
44%
cause
44%
fun
44%
someone
44%
hockey
41%
hullabaloo
41%
rich
41%
smut
41%
trash
41%
laughter
38%
Murray
38%
stop
38%
undone
35%
smash
32%

Score Distribution

Percentile by Number Answered

Percent of People with Each Score

Your Score History

You have not taken this quiz